000 00738 aa a2200205 4500
008 081020t xxu||||| |||| 00| 0 eng d
010 _aENG-84104
020 _a8176298743
020 _c700.00 (hb)
035 _aEN-67637
082 _a305.560954
100 _aPasricha, Seema
245 _aCaste based reservation in India /
_cby Seema Pasricha
260 _aNew Delhi
_bDeep and Deep Publications
260 _c2006
300 _axv,341p
_c22cm
500 _aIncludes bibliographical references and index
942 _2ddc
_cEN
_h305.560954
_m PAS
999 _c17071
_d17071